000 00588nam a2200133 a 4500
001 000030006
005 20200930055956.0
008 110428s198u dr 000 0 spa d
040 _aDO-SdBNP
_bspa
_cBNPHU
110 1 _aRepública Dominicana
_bPresidencia de la República Dominicana
_bUnidad Coordinadora
_956725
245 1 0 _aEspecificaciones generales para la construcción de edificios tipo h, viviendas duplex y unifamiliares :
_bProyecto inviviendas Santo Domingo y Santiago.
260 _aSanto Domingo :
_bPresidencia de la República Dominicana,
_c[19--?].
300 _a30 p. ;
_c28 cm.
999 _c29498
_d29498